Statistics for Most Popular Artists of the 1980s

Click here to take the quiz!

General Stats

  • This quiz has been taken 115 times
  • The average score is 16 of 50

Answer Stats

RankAnswer% Correct
1Michael Jackson
90%
3Madonna
81%
14Janet Jackson
80%
15George Michael/Wham
69%
2Prince
61%
5Bruce Springsteen
57%
39Queen
57%
10The Police
56%
4U2
56%
12Guns N Roses
49%
16Whitney Houston
49%
29Duran Duran
47%
25Bon Jovi
44%
20AC/DC
43%
17Metallica
40%
11Phil Collins
40%
32Journey
39%
9Billy Joel
36%
27Genesis
36%
7Van Halen
34%
13Def Leppard
33%
24Lionel Richie
30%
50INXS
29%
45Hall and Oates
27%
38Tina Turner
26%
44Bryan Adams
24%
33John Mellencamp
20%
30Motley Crue
20%
35REO Speedwagon
20%
40Beastie Boys
19%
22Iron Maiden
19%
49Peter Gabriel
19%
21Rush
19%
28R.E.M
17%
6Run-D.M.C
17%
31The Cure
17%
19Dire Straits
16%
43Huey Lewis and the News
14%
48Billy Idol
13%
18N.W.A
13%
41Ozzy Osbourne
13%
46Pat Benatar
11%
42The Smiths
11%
8Public Enemy
10%
26Talking Heads
9%
36Kool and the Gang
7%
23Judas Priest
6%
34Grandmaster Flash And The Furious Five
4%
37LL Cool J
4%
47Eric B. and Rakim
1%

Score Distribution

Percentile by Number Answered

Percent of People with Each Score

Your Score History

You have not taken this quiz